[Event "RUS-Cup"]
[Site "Tula"]
[Date "2001.??.??"]
[Round "4"]
[White "Chuiko, Alexander"]
[Black "Savon, Mikhail"]
[Result "1-0"]
[WhiteElo "2414"]
[BlackElo "2226"]
[PlyCount "59"]
[EventDate "2001.??.??"]
[EventType "swiss"]
[EventRounds "9"]
[EventCountry "RUS"]
[SourceTitle "EXT 2002"]
[Source "ChessBase"]
[SourceDate "2001.11.25"]
[SourceVersion "1"]
[SourceVersionDate "2001.11.25"]
[SourceQuality "1"]

1. e4 c6 2. d4 d5 3. Nd2 dxe4 4. Nxe4 Nd7 5. Ng5 Ngf6 6. Bc4 e6 7. Qe2 Nb6 8. Bb3 h6 9. N5f3 c5 10. dxc5 Bxc5 11. Ne5 Qe7 12. Ngf3 Nbd7 13. Bd2 a5 14. Ba4 0-0 15. 0-0-0 Bb4 16. c3 Bd6 17. h4 Nc5 18. Bc2 b6 19. g4 Ba6 20. c4 Qc7 21. g5 Nfd7 22. Bc3 Bb7 23. Nxd7 Nxd7 24. gxh6 Bf4+ 25. Kb1 Bxh6 26. Rhg1 Nc5 27. Qe3 e5 28. Qxh6 f6 29. Qh7+ Kf7 30. Rxg7+ 1-0

[Event "RUS-Cup"]
[Site "Tula"]
[Date "2001.??.??"]
[Round "8"]
[White "Pechenov, Viacheslav"]
[Black "Savon, Mikhail"]
[Result "1-0"]
[WhiteElo "2221"]
[BlackElo "2226"]
[PlyCount "73"]
[EventDate "2001.??.??"]
[EventType "swiss"]
[EventRounds "9"]
[EventCountry "RUS"]
[SourceTitle "EXT 2002"]
[Source "ChessBase"]
[SourceDate "2001.11.25"]
[SourceVersion "1"]
[SourceVersionDate "2001.11.25"]
[SourceQuality "1"]

1. e4 c6 2. f4 d5 3. e5 e6 4. Nf3 c5 5. Bb5+ Bd7 6. Bxd7+ Nxd7 7. c3 Qc7 8. d3 Ne7 9. a4 Nc6 10. 0-0 Be7 11. Kh1 0-0-0 12. Na3 a6 13. Be3 h6 14. d4 Rdg8 15. Ne1 f5 16. exf6 gxf6 17. f5 cxd4 18. cxd4 exf5 19. Rxf5 Nb6 20. b3 Bd6 21. Nac2 Bxh2 22. Qh5 Bg3 23. a5 Bxe1 24. axb6 Qg3 25. Nxe1 Qxe3 26. Nf3 Qf2 27. Qh2 Rh7 28. Rxf6 Rhg7 29. Rg6 Qb2 30. Re1 Qa3 31. Qh3+ Kd8 32. Qh4+ Ne7 33. Rxg7 Rxg7 34. Qf6 Rg8 35. Ne5 Re8 36. Qe6 Rf8 37. Qd7# 1-0

[Event "RUS-Cup"]
[Site "Tula"]
[Date "2001.??.??"]
[Round "7"]
[White "Savon, Mikhail"]
[Black "Ponomarenko, Viktor"]
[Result "0-1"]
[WhiteElo "2226"]
[BlackElo "2201"]
[PlyCount "96"]
[EventDate "2001.??.??"]
[EventType "swiss"]
[EventRounds "9"]
[EventCountry "RUS"]
[SourceTitle "EXT 2002"]
[Source "ChessBase"]
[SourceDate "2001.11.25"]
[SourceVersion "1"]
[SourceVersionDate "2001.11.25"]
[SourceQuality "1"]

1. d4 d5 2. Nf3 e6 3. c4 c6 4. e3 Nf6 5. Nc3 Nbd7 6. Bd3 dxc4 7. Bxc4 b5 8. Bd3 Bb7 9. 0-0 a6 10. e4 c5 11. Re1 cxd4 12. Nxd4 Bc5 13. Nb3 Be7 14. Be3 b4 15. Na4 Nxe4 16. Qe2 0-0 17. Rad1 Qc7 18. Rc1 Qb8 19. Bxe4 Bxe4 20. Bc5 Nxc5 21. Naxc5 Bd5 22. Nd7 Qb7 23. Nxf8 Bxf8 24. Na5 Qb5 25. Nc4 Qb7 26. f3 a5 27. b3 a4 28. Nd2 axb3 29. Nxb3 Qa7+ 30. Kf1 Qxa2 31. Qxa2 Rxa2 32. Nc5 h6 33. Nd7 Bd6 34. Red1 b3 35. Nb6 b2 36. Rb1 Bf4 37. Nxd5 exd5 38. Ke2 Bc1 39. Kd3 Kf8 40. Re1 f6 41. Kc2 Kf7 42. Kb3 Ra7 43. Re2 Rc7 44. h3 h5 45. g4 g6 46. Rg2 h4 47. Rf2 d4 48. Rbxb2 Rb7+ 0-1

[Event "RUS-Cup"]
[Site "Tula"]
[Date "2001.??.??"]
[Round "1"]
[White "Savon, Mikhail"]
[Black "Sergienko, Sergey"]
[Result "1/2-1/2"]
[WhiteElo "2226"]
[BlackElo "2422"]
[PlyCount "131"]
[EventDate "2001.??.??"]
[EventType "swiss"]
[EventRounds "9"]
[EventCountry "RUS"]
[SourceTitle "EXT 2002"]
[Source "ChessBase"]
[SourceDate "2001.11.25"]
[SourceVersion "1"]
[SourceVersionDate "2001.11.25"]
[SourceQuality "1"]

1. d4 Nf6 2. Nf3 g6 3. c4 Bg7 4. Nc3 d5 5. e3 0-0 6. Bd3 c5 7. 0-0 cxd4 8. exd4 Nc6 9. h3 dxc4 10. Bxc4 Na5 11. Be2 Be6 12. Be3 Bc4 13. Ne5 Bxe2 14. Qxe2 Rc8 15. Rfd1 Nd5 16. Rac1 Nxe3 17. Qxe3 Nc4 18. Qe2 Nd6 19. Rc2 Qa5 20. Rcd2 Nf5 21. Nf3 Rfe8 22. a3 a6 23. Ne4 Qd5 24. g4 Nd6 25. Nc3 Qc4 26. Rd3 Nb5 27. Ne4 Qd5 28. a4 Nd6 29. Nc3 Qa5 30. Nd2 Qb4 31. Nf3 e6 32. Ne5 Nc4 33. Nxc4 Qxc4 34. Qf3 Qb4 35. Ne4 Qe7 36. g5 Red8 37. Nf6+ Kh8 38. h4 Bxf6 39. gxf6 Qc7 40. Qe3 Qd6 41. b3 Qd5 42. Qh6 Rg8 43. Re3 g5 44. Rg3 Rg6 45. Qh5 Rcg8 46. Rdd3 gxh4 47. Qxh4 Qf5 48. Kf1 Qxf6 49. Qxf6+ Rxf6 50. Rh3 Rg5 51. Rc3 Rgf5 52. f3 Rf4 53. Rd3 Kg7 54. Ke2 R4f5 55. Rd1 Rg6 56. Ke3 Rg2 57. Kd3 h5 58. Kc3 Rf2 59. Rd3 Kg6 60. Re3 Kg5 61. Kc4 h4 62. Re4 R5xf3 63. Rhxh4 Rf4 64. Rhxf4 Rxf4 65. Re5+ Rf5 66. Re1 1/2-1/2